50 Biggest Countries by GDP on a Map - Statistics

General Stats
  • This quiz has been taken 144 times
  • The average score is 48 of 50
Answers on the Map
Answers color-coded by a green-red scale on the quiz's map according to % correct below.
 
Answer Stats
GDP Country % Correct
2.9 T France
100%
3.1 T United Kingdom
100%
22 T United States
100%
1.5 T Brazil
99%
1.9 T Canada
99%
16 T China
99%
394 B Egypt
99%
4.3 T Germany
99%
3.0 T India
99%
5.3 T Japan
99%
1.2 T Mexico
99%
1.7 T Russia
99%
418 B Argentina
98%
1.6 T Australia
98%
307 B Chile
98%
295 B Colombia
98%
476 B Ireland
98%
2.1 T Italy
98%
1.0 T Netherlands
98%
444 B Norway
98%
642 B Poland
98%
257 B Portugal
98%
329 B South Africa
98%
1.8 T South Korea
98%
1.4 T Spain
98%
625 B Sweden
98%
824 B Switzerland
98%
794 B Turkey
98%
578 B Belgium
97%
392 B Denmark
97%
300 B Finland
97%
1.1 T Indonesia
97%
682 B Iran
97%
243 B New Zealand
97%
262 B Pakistan
97%
804 B Saudi Arabia
97%
481 B Austria
96%
225 B Peru
96%
402 B Philippines
96%
354 B Vietnam
95%
514 B Nigeria
94%
378 B Bangladesh
93%
276 B Czech Republic
93%
387 B Malaysia
93%
289 B Romania
93%
538 B Thailand
93%
401 B United Arab Emirates
92%
759 B Taiwan
90%
446 B Israel
83%
374 B Singapore
76%
No matching quizzes found
Score Distribution
Percent of People with Each Score
Percentile by Number Answered
Your Score History
You have not taken this quiz